Netflix trivia - Statistics

General Stats
  • This quiz has been taken 30 times
  • The average score is 6 of 15
Answer Stats
Hint Answer % Correct
What was Paxton's sport in Never have I ever? Swimming
74%
How many main ladies are in good girls? 3
70%
Who had 13 reasons to end their life? Hannah baker
67%
What was the alias of the stalker in Pretty Little Liars? A
59%
How many seasons are there of keeping up with the kardashians? 20
56%
What law school did most people in suits go to? Harvard
48%
Who guest starred in Victorious in the ep where they searched ice cream for letters? Kesha
48%
What is the Earth name of superman? Clark Kent
37%
What's the opposite of a pogue in Outerbanks? Kook
37%
What city did Emily from Emily in Paris come from? Chicago
33%
Where is Jane's family from in Jane the Virgin? Venezuela
26%
What's the last name of Klaus, Sunny and Violet in a Series of Unfortunate Events? Baudelaire
22%
What's the name of the school in elite? Las Encinas
22%
What type of TV Show is American Horror Story? Anthology
11%
What was the name of Alex and Sean's daughter in Maid? Maddie
7%
No matching quizzes found
Score Distribution
Percent of People with Each Score
Percentile by Number Answered
Your Score History
You have not taken this quiz